000 01092cab a2200253 4500
001 WB3303-34
008 090401t1996 xxu||||| |||| 00| 0 eng d
035 _a(Sirsi) u26612
041 _aeng
245 _aTown and country planning
260 _c1996
350 _a0
490 _aEstates Gazette Case Summaries
_v[1996] EGCS 201(1) (11/01/97)
520 _a"Swayfields Ltd v SoS Environment and others" QBD 10 December 1996. Proposal for an additional motorway service area serving M1 and two other routes. At issue was whether the inspector had fully considered the evidence regarding problems posed by link roads and future road widening schemes and whether earlier refusals based on countryside preservation were outweighed. Appeal dismissed.
650 _aMATERIAL CONSIDERATION
650 _aMOTORWAY SERVICE AREA
650 _aPLANNING PERMISSION
650 _aPLANNING POLICY GUIDANCE NOTE 13
650 _aROAD SCHEMES
650 _aSWAYFIELDS LTD V SOS ENVIRONMENT AND OTHERS
690 _aPLANNING LAW AND PRACTICE-CASE LAW
942 _n0
948 _c04/03/1997
999 _c17898
_d17898